[Event "Podgorica Buducnost op 3rd"]
[Site "Podgorica"]
[Date "2017.12.24"]
[Round "4"]
[White "Abramovic, Dragoljub"]
[Black "Delevic, Nina"]
[Result "0-1"]
[WhiteElo "2058"]
[BlackElo "1765"]
[PlyCount "112"]
[EventDate "2017.12.22"]
[EventType "swiss"]
[EventRounds "7"]
[EventCountry "MNE"]
[SourceTitle "CBM 182 Extra"]
[Source "ChessBase"]
[SourceDate "2018.02.23"]
[SourceVersion "1"]
[SourceVersionDate "2018.02.23"]
[SourceQuality "1"]

1. Nf3 Nf6 2. b3 d5 3. Bb2 c5 4. e3 Bg4 5. Be2 Nc6 6. 0-0 Qc7 7. d3 h5 8. Nbd2 e6 9. e4 Bd6 10. g3 0-0-0 11. Ng5 Bxe2 12. Qxe2 h4 13. f4 hxg3 14. hxg3 e5 15. f5 Nd4 16. Qd1 Rh5 17. Ngf3 Rdh8 18. c3 Ng4 19. Nh4 Ne3 20. Qe1 Nxf1 21. Qxf1 Kb8 22. Re1 Nxf5 23. exf5 e4 24. dxe4 Bxg3 25. Ndf3 Bxh4 26. Re2 Bg3 27. Qg2 dxe4 28. Rxe4 Rh1+ 29. Qxh1 Rxh1+ 30. Kxh1 Qc6 31. Re3 Qh6+ 32. Kg2 Qxe3 33. Kxg3 Qe2 34. Bc1 Qxa2 35. Bf4+ Kc8 36. b4 cxb4 37. cxb4 Qb3 38. Bd6 Qd5 39. Be5 f6 40. Bd4 Qxf5 41. Bxa7 Qg6+ 42. Kf4 Qh6+ 43. Ke4 Qh1 44. Kf4 g5+ 45. Kg3 Qc1 46. Bc5 Qf4+ 47. Kg2 f5 48. Nd4 Qe4+ 49. Kf2 Qh4+ 50. Ke3 Qe4+ 51. Kf2 g4 52. Kg3 Qe3+ 53. Kh4 Qh3+ 54. Kg5 g3 55. Nxf5 g2 56. Kf6 Qf3 0-1

[Event "Podgorica Buducnost op 3rd"]
[Site "Podgorica"]
[Date "2017.12.23"]
[Round "3"]
[White "Djokovic, Mirsad"]
[Black "Abramovic, Dragoljub"]
[Result "1-0"]
[WhiteElo "2107"]
[BlackElo "2058"]
[PlyCount "75"]
[EventDate "2017.12.22"]
[EventType "swiss"]
[EventRounds "7"]
[EventCountry "MNE"]
[SourceTitle "CBM 182 Extra"]
[Source "ChessBase"]
[SourceDate "2018.02.23"]
[SourceVersion "1"]
[SourceVersionDate "2018.02.23"]
[SourceQuality "1"]

1. e4 e6 2. d4 d5 3. Nc3 Bb4 4. Nge2 dxe4 5. a3 Be7 6. Nxe4 Nf6 7. N2g3 Nxe4 8. Nxe4 Nd7 9. Qg4 g6 10. Qf3 0-0 11. h4 Nf6 12. Bh6 Re8 13. 0-0-0 Nxe4 14. Qxe4 Qd5 15. Qe3 b5 16. h5 b4 17. hxg6 fxg6 18. axb4 Bxb4 19. c3 Bd6 20. Bd3 Rb8 21. c4 Qb7 22. Rd2 Bb4 23. Re2 Qa6 24. c5 Qa1+ 25. Bb1 e5 26. Rh5 Ba3 27. Rxe5 Bxb2+ 28. Kd2 Qa5+ 29. Kd1 Qa4+ 30. Ke1 Bc3+ 31. Qxc3 Rxb1+ 32. Bc1 Rxe5 33. Rxe5 Bf5 34. Re7 Qa1 35. Qc4+ Kh8 36. Re8+ Kg7 37. Qg8+ Kf6 38. Qf8# 1-0

[Event "Podgorica Buducnost op 2nd"]
[Site "Podgorica"]
[Date "2016.03.22"]
[Round "4"]
[White "Vujacic, Igor"]
[Black "Abramovic, Dragoljub"]
[Result "1-0"]
[WhiteElo "2166"]
[BlackElo "2081"]
[PlyCount "103"]
[EventDate "2016.03.19"]
[EventType "swiss"]
[EventRounds "7"]
[EventCountry "MNE"]
[SourceTitle "CBM 171 Extra"]
[Source "ChessBase"]
[SourceDate "2016.04.26"]
[SourceVersion "1"]
[SourceVersionDate "2016.04.26"]
[SourceQuality "1"]

1. e4 d5 2. exd5 Qxd5 3. Nc3 Qd6 4. d4 c6 5. g3 Nf6 6. Bf4 Qd8 7. Bg2 Bg4 8. Nf3 e6 9. 0-0 Bd6 10. Bg5 Nbd7 11. Ne4 Be7 12. Nxf6+ Bxf6 13. Bf4 0-0 14. h3 Bxf3 15. Bxf3 Nb6 16. c3 Bg5 17. Bxg5 Qxg5 18. Re1 Rfd8 19. Qb3 Rab8 20. a4 Nd5 21. a5 Qf6 22. Kg2 Nc7 23. Ra4 a6 24. Qb6 Nb5 25. Rc4 g6 26. Rc5 Nd6 27. Qb3 Nb5 28. Rce5 Rd6 29. h4 h6 30. Qb4 Rbd8 31. Be2 Kg7 32. Bxb5 cxb5 33. R1e3 R8d7 34. Rf3 Qd8 35. Re4 Rc6 36. Qa3 Rd5 37. Ref4 f5 38. Re3 g5 39. hxg5 hxg5 40. Rff3 g4 41. Rf4 b4 42. Qxb4 Rb5 43. Qa3 Rxa5 44. Qb3 Rb5 45. Qa3 Rcb6 46. c4 Rxb2 47. d5 Kg6 48. dxe6 Qh8 49. Rxg4+ fxg4 50. Qd3+ Kh6 51. e7 R2b3 52. Qd8 1-0